Normal view
MARC view
Entry Personal Name
001 - CONTROL NUMBER
- control field: 40634
003 - CONTROL NUMBER IDENTIFIER
- control field: ARRUPE
005 - DATE AND TIME OF LATEST TRANSACTION
- control field: 20180315093029.0
008 - FIXED-LENGTH DATA ELEMENTS
- fixed length control field: 180315|| aca||aabn | a|a d
040 ## - CATALOGING SOURCE
- Original cataloging agency: ARRUPE
- Transcribing agency: ARRUPE
100 ## - HEADING--PERSONAL NAME
- Personal name: Martz, Louis L.
670 ## - SOURCE DATA FOUND
- Source citation: Work cat.: (ARRUPE): Martz, Louis L., The poetry of meditation;, 1962